| 000 | 00676nam a2200229Ia 4500 | ||
|---|---|---|---|
| 003 | OSt | ||
| 005 | 20220923221111.0 | ||
| 006 | a|||||r|||| 00| 0 | ||
| 007 | ta | ||
| 008 | 220922b |||||||| |||| 00| 0 hin d | ||
| 024 | _a195,153 | ||
| 037 | _cTextual | ||
| 040 |
_aARTS _cARTS _bhin |
||
| 041 |
_2hin _ahin |
||
| 082 | _aRv5:N3, 152J7-;2 | ||
| 100 | _aदीवानचन्द | ||
| 245 | 0 | _aपश्चिमी दर्शन | |
| 246 | _aPashchimī darshana | ||
| 490 | _aहिन्दी समिति ग्रंथमाला, 11 | ||
| 942 |
_hRv5:N3, 152J7-;2 _cTEXL _2CC |
||
| 999 |
_c347393 _d347393 |
||